Ahorro financiero y desarrollo económico (Record no. 87352)

MARC details
000 -LEADER
campo de control de longitud fija 00697nam a2200169 i 4500
001 - NÚMERO DE CONTROL
campo de control 87352
003 - IDENTIFICADOR DE NÚMERO DE CONTROL
campo de control ES-MaACL
005 - FECHA Y HORA DE LA ÚLTIMA TRANSACCIÓN
campo de control 20230906175644.0
008 - DATOS DE LONGITUD FIJA--INFORMACIÓN GENERAL
campo de control de longitud fija 041221s1971 sp |||| | spa d
100 1# - ENTRADA PRINCIPAL--NOMBRE DE PERSONA
Nombre de persona Krul, Nicolás.
9 (RLIN) 68912
245 10 - MENCIÓN DEL TÍTULO
Título Ahorro financiero y desarrollo económico
Resto del título : problemas y políticas de fomento del ahorro privado en los países en vías de desarrollo /
Mención de responsabilidad, etc. por Nicolás Krul ; [traducción de Baltasar Aymerich Corominas].
260 ## - PUBLICACIÓN, DISTRIBUCIÓN, ETC.
Lugar de publicación, distribución, etc. Madrid :
Nombre del editor, distribuidor, etc. Confederación Española de Cajas de Ahorros,
Fecha de publicación, distribución, etc. [1971]
300 ## - DESCRIPCIÓN FÍSICA
Extensión 327 p. ;
Dimensiones 21 cm.
650 #4 - PUNTO DE ACCESO ADICIONAL DE MATERIA--TÉRMINO DE MATERIA
Término de materia o nombre geográfico como elemento de entrada Ahorro-
Subdivisión geográfica Países en desarrollo.
9 (RLIN) 170919
700 1# - ENTRADA AGREGADA--NOMBRE PERSONAL
Nombre de persona Aymerich Corominas, Baltasar.
9 (RLIN) 24181
852 ## - LOCALIZACIÓN
Ubicación ES-MaACL
Número de control de estantería C-38254
Holdings
Estatus retirado Estado de pérdida Estado de daño No para préstamo Biblioteca de origen Biblioteca actual Ubicación en estantería Fecha de adquisición Fuente de adquisición Total de préstamos Signatura topográfica completa Código de barras Visto por última vez Precio de reemplazo Tipo de ítem Koha
        Biblioteca del Ateneo de Madrid Biblioteca del Ateneo de Madrid Depósito 2 17/01/2008     C-38254 1091260 23/02/2023 23/02/2023 Libro impreso